Tâm lý học lao động
Sách gồm 5 chương lần lượt thể hiện các nội dung : khái quát về lao động và tâm lý học lao động; hệ thống người - máy - môi trường; sự thích ứng của con người với những yêuc ầu của hệ thống; sự thích ứng hệ thống với con ngươ...
Gardado en:
| Autor Principal: | |
|---|---|
| Formato: | Libro |
| Idioma: | Undetermined |
| Publicado: |
Hà Nội
Đại học Quốc gia Hà Nội
2003
|
| Những chủ đề: | |
| Các nhãn: |
Engadir etiqueta
Sen Etiquetas, Sexa o primeiro en etiquetar este rexistro!
|
| Thư viện lưu trữ: | Trung tâm Học liệu Trường Đại học Cần Thơ |
|---|
| LEADER | 01036nam a2200205Ia 4500 | ||
|---|---|---|---|
| 001 | CTU_114685 | ||
| 008 | 210402s9999 xx 000 0 und d | ||
| 020 | |c 17500 | ||
| 082 | |a 158.7 | ||
| 082 | |b O.408 | ||
| 100 | |a Đào, Thị Oanh | ||
| 245 | 0 | |a Tâm lý học lao động | |
| 245 | 0 | |c Đào Thị Oanh | |
| 260 | |a Hà Nội | ||
| 260 | |b Đại học Quốc gia Hà Nội | ||
| 260 | |c 2003 | ||
| 520 | |a Sách gồm 5 chương lần lượt thể hiện các nội dung : khái quát về lao động và tâm lý học lao động; hệ thống người - máy - môi trường; sự thích ứng của con người với những yêuc ầu của hệ thống; sự thích ứng hệ thống với con người; sự mệt mỏi, các trường hợp bất hạnh trong sản xuất và an toàn lao động | ||
| 650 | |a Psychology | ||
| 904 | |i Hiếu | ||
| 980 | |a Trung tâm Học liệu Trường Đại học Cần Thơ | ||